| 000 | 01704nam2a2200265 4500 | ||
|---|---|---|---|
| 001 | rc\3036341 | ||
| 005 | 20260315065344.0 | ||
| 035 | _a(NLR Aleph) 007176948 | ||
| 090 |
_a13622069 _c13622069 |
||
| 100 | _a20111005d1941 u y0rusy50 ca | ||
| 101 | 0 | _arus | |
| 102 | _aRU | ||
| 105 | _aa z ||||| | ||
| 200 | 1 |
_aКонюшня на 20 рабочих лошадей мелких пород _e(Стены каркасные, кирпичные столбы с бревенчатым заполнением) _f[Автор проекта инж. З.Н. Котляр] _g[Смету сост. Гурьяшкин] |
|
| 210 | _d1941 | ||
| 215 |
_a4 л. ил. и черт., "Поясн. записка", "Смета", 8, 8 с. _cил., черт. |
||
| 300 | _aБез тит. л. | ||
| 461 | 0 |
_1001rc\3036340 _12001#$aТиповой проект сельскохозяйственного строительства [на 1941 год]$h[Серия 4]$i[Постройки для лошадей, мулов и верблюдов]$fСельхозстройпроект$v№ 0401-в _97402758 _cМосква _d1941 _fСельхозстройпроект _h[Серия 4] _i[Постройки для лошадей, мулов и верблюдов] _nСельхозстройпроект НКЗ СССР _tТиповой проект сельскохозяйственного строительства [на 1941 год] _v№ 0401-в |
|
| 702 | 1 |
_aГурьяшкин _bВ.И. _gВасилий Иванович _4570 |
|
| 702 | 1 |
_aКотляр _bЗ.Н. _gЗинаида Николаевна _4570 |
|
| 801 | 0 |
_aRU _bNLR _gpsbo |
|
| 801 | 1 |
_aRU _bELAR _2rusmarc |
|
| 852 |
_aNLR _jТ80 Г-8/8(0401) |
||
| 942 | _cUNSPEC | ||
| 980 | _aNB | ||